<?xml version='1.0' encoding='UTF-8'?>
  <record xmlns="http://www.loc.gov/MARC21/slim">
    <leader>00000ctm a2200000 i 4500</leader>
    <controlfield tag="001">on1088879267</controlfield>
    <controlfield tag="003">OCoLC</controlfield>
    <controlfield tag="005">20250724031736.5</controlfield>
    <controlfield tag="008">190301m15951597gw i          000 0 lat d</controlfield>
    <datafield tag="040" ind1=" " ind2=" ">
      <subfield code="a">QGJ</subfield>
      <subfield code="b">eng</subfield>
      <subfield code="e">rda</subfield>
      <subfield code="e">dcrmmss</subfield>
      <subfield code="c">QGJ</subfield>
      <subfield code="d">QGJ</subfield>
      <subfield code="d">OCLCQ</subfield>
      <subfield code="d">OCLCO</subfield>
      <subfield code="d">QGJ</subfield>
      <subfield code="d">OCLCO</subfield>
      <subfield code="d">OCLCL</subfield>
      <subfield code="d">OCLCA</subfield>
    </datafield>
    <datafield tag="035" ind1=" " ind2=" ">
      <subfield code="a">(OCoLC)1088879267</subfield>
    </datafield>
    <datafield tag="242" ind1="1" ind2="0">
      <subfield code="a">Joachim von Loss autograph album.</subfield>
      <subfield code="y">eng</subfield>
    </datafield>
    <datafield tag="245" ind1="0" ind2="0">
      <subfield code="a">Album amicorum Joachimi a Loss,</subfield>
      <subfield code="f">UBU Hs 10 B 19</subfield>
    </datafield>
    <datafield tag="264" ind1=" " ind2="0">
      <subfield code="a">Jenae,</subfield>
      <subfield code="c">1595-1597.</subfield>
    </datafield>
    <datafield tag="300" ind1=" " ind2=" ">
      <subfield code="a">210 leaves :</subfield>
      <subfield code="b">color coats of arms ;</subfield>
      <subfield code="c">162 x 100 mm</subfield>
    </datafield>
    <datafield tag="336" ind1=" " ind2=" ">
      <subfield code="a">text</subfield>
      <subfield code="b">txt</subfield>
      <subfield code="2">rdacontent</subfield>
    </datafield>
    <datafield tag="337" ind1=" " ind2=" ">
      <subfield code="a">unmediated</subfield>
      <subfield code="b">n</subfield>
      <subfield code="2">rdamedia</subfield>
    </datafield>
    <datafield tag="338" ind1=" " ind2=" ">
      <subfield code="a">volume</subfield>
      <subfield code="b">nc</subfield>
      <subfield code="2">rdacarrier</subfield>
    </datafield>
    <datafield tag="340" ind1=" " ind2=" ">
      <subfield code="a">paper</subfield>
      <subfield code="2">rdamat</subfield>
    </datafield>
    <datafield tag="500" ind1=" " ind2=" ">
      <subfield code="a">Blank leaves: 1-24, 27-52, 55-62, 64-76, 78-80, 82, 84-85, 87-100, 102-116, 118-126, 128-129, 131, 135-137, 139-197, 200, 202-210.</subfield>
    </datafield>
    <datafield tag="520" ind1="2" ind2=" ">
      <subfield code="a">Autograph book of Joachim von Loss, student in Jena, containing 22 contributions, most of them by German noblemen, often decorated with coats of arms.</subfield>
    </datafield>
    <datafield tag="524" ind1="8" ind2=" ">
      <subfield code="a">Cite as: Universiteitsbibliotheek Utrecht Hs 10 B 19</subfield>
    </datafield>
    <datafield tag="563" ind1=" " ind2=" ">
      <subfield code="a">Contemporary parchment binding over pasteboard. On front: I V L [=Joachim Von Loss] 1595 and coat of arms.</subfield>
    </datafield>
    <datafield tag="581" ind1=" " ind2=" ">
      <subfield code="a">W. Klose, Corpus Alborum Amicorum. CAAC. Beschreibendes Verzeichnis der Stammbücher des 16. Jahrhunderts. Stuttgart 1988. (= Hiersemanns bibliographische Handbücher 8) p. 170.</subfield>
    </datafield>
    <datafield tag="650" ind1=" " ind2="0">
      <subfield code="a">Autograph albums.</subfield>
    </datafield>
    <datafield tag="650" ind1=" " ind2="6">
      <subfield code="a">Autographes</subfield>
      <subfield code="x">Albums.</subfield>
    </datafield>
    <datafield tag="650" ind1=" " ind2="7">
      <subfield code="a">autograph albums.</subfield>
      <subfield code="2">aat</subfield>
    </datafield>
    <datafield tag="650" ind1=" " ind2="7">
      <subfield code="a">Autograph albums.</subfield>
      <subfield code="2">fast</subfield>
      <subfield code="0">(OCoLC)fst00822648</subfield>
    </datafield>
    <datafield tag="650" ind1=" " ind2="7">
      <subfield code="a">Autographs.</subfield>
      <subfield code="2">fast</subfield>
      <subfield code="0">(OCoLC)fst00822653</subfield>
    </datafield>
    <datafield tag="651" ind1=" " ind2="7">
      <subfield code="a">Germany.</subfield>
      <subfield code="2">fast</subfield>
      <subfield code="0">(OCoLC)fst01210272</subfield>
      <subfield code="1">https://id.oclc.org/worldcat/entity/E39PBJtCD3rcKcPDx6FHmjvrbd</subfield>
    </datafield>
    <datafield tag="650" ind1=" " ind2="7">
      <subfield code="a">Stammbuch</subfield>
      <subfield code="2">gnd</subfield>
    </datafield>
    <datafield tag="650" ind1="1" ind2="7">
      <subfield code="a">Alba amicorum.</subfield>
      <subfield code="2">gtt</subfield>
    </datafield>
    <datafield tag="700" ind1="1" ind2=" ">
      <subfield code="a">Loss, Joachim von,</subfield>
      <subfield code="d">1576-1633,</subfield>
      <subfield code="e">dedicatee,</subfield>
      <subfield code="e">former owner.</subfield>
      <subfield code="4">dte</subfield>
      <subfield code="4">fmo</subfield>
      <subfield code="1">https://id.oclc.org/worldcat/entity/E39PBJvhtbFmRqY79GpTjYkCcP</subfield>
    </datafield>
    <datafield tag="700" ind1="1" ind2=" ">
      <subfield code="a">Nieschulz, Otto,</subfield>
      <subfield code="e">former owner</subfield>
      <subfield code="4">fmo</subfield>
    </datafield>
    <datafield tag="710" ind1="2" ind2=" ">
      <subfield code="a">Universiteit Utrecht.</subfield>
      <subfield code="b">Bibliotheek.</subfield>
      <subfield code="k">Manuscript</subfield>
      <subfield code="n">Hs 10 B 19.</subfield>
    </datafield>
    <datafield tag="758" ind1=" " ind2=" ">
      <subfield code="i">has work:</subfield>
      <subfield code="a">Album amicorum Joachimi a Loss UBU Hs 10 B 19 (Text)</subfield>
      <subfield code="1">https://id.oclc.org/worldcat/entity/E39PCFGwJRxK7C38BqCqbwtG6q</subfield>
      <subfield code="4">https://id.oclc.org/worldcat/ontology/hasWork</subfield>
    </datafield>
  </record>